Logo BPK

Bibliografia Prac Pracowników

Politechniki Koszalińskiej

Design of fault-tolerant versions of the main linear algebra algorithms / (Rekord nr 20)

Szczegóły MARC
000 -ETYKIETA REKORDU
podpole kontrolne o stałej długości 01434naa a22002051i 4500
001 - NUMER KONTROLNY REKORDU
podpole kontrolne 20
003 - IDENTYFIKATOR NUMERU KONTROLNEGO REKORDU
podpole kontrolne KOSZ 005
005 - DATA OSTATNIEJ MODYFIKACJI REKORDU
podpole kontrolne 20191005093907.0
008 - POLE O STAŁEJ DŁUGOŚCI - DANE KONTROLNE
podpole kontrolne o stałej długości 151208s2002 ru | f |000 ||eng d
040 ## - ŹRÓDŁO KATALOGOWANIA
Instytucja, która utworzyła rekord BPK
Instytucja, która dokonała modyfikacji KOSZ 005/ac
041 ## - KOD JĘZYKA
Kod języka tekstu eng
044 ## - KOD KRAJU WYDAWCY/PRODUCENTA
Kod kraju wydawcy/producenta RUS
080 ## - UNIWERSALNA KLASYFIKACJA DZIESIĘTNA - UKD
UKD 681.325
100 1# - NAZWA OSOBOWA
Nazwa osobowa Maslennikow, Oleg
Lata pracy 1996 - 2010.
Instytucja Politechnika Koszalińska - Wydział Elektroniki,
Wydział Katedra Inżynierii Komputerowej
245 10 - TYTUŁ/ODPOWIEDZIALNOŚĆ
Tytuł Design of fault-tolerant versions of the main linear algebra algorithms /
Pozostałe elementy strefy tytułu i oznaczenia odpowiedzialności Oleg Masliennikov.
500 ## - UWAGI OGÓLNE
Tekst uwagi Dane z Informatora o publikowanych wynikach prac naukowo-badawczych w 2002 roku Wydziału Elektroniki.
520 ## - UWAGA DOTYCZĄCA TREŚCI DOKUMENTU
Analiza dokumentacyjna, adnotacja itp. The modification of the weighted checksum method, which allows to derive the fault-tolerant versions of most linear algebra algorithms is proposed. The purpose is detection and correction of calculation errors occurred due to transient hardware faults. Using the proposed method, the fault-tolerant version of Faddeeva algorithm is increased approximately on O(N2) multiply-add operations in comparsion with the orginal one. However, new algorithm enables to detect and correct a single error in an arbitrary row or column of input data matrices at the each algorithm step. Finally, the results of experimental verification of the proposed algorithm are represented.
773 0# - TYTUŁ DOKUMENTU MACIERZYSTEGO
Wyrażenie wprowadzające W :
Tytuł Rejestracija, zberidannja i obrobka danih. -
Informacje dotyczące relacji 2002, T. 4, nr 3, s. 41-54
942 ## - HASŁO DODATKOWE - ELEMENTY(KOHA)
Typ dokumentu Artykuł
Schemat klasyfikacji Uniwersalna klasyfikacja dziesiętna

Brak dostępnych egzemplarzy.

© 2014 Biblioteka Politechniki Koszalińskiej :: BIBLIOGRAFIA PRAC PRACOWNIKÓW